Riconosci l'Anno dagli eventi - Quiz n°526 - Statistics

Statistiche generali
  • Questo quiz è stato fatto 6 volte
  • Il punteggio medio è 9 su 11
Statistiche sulle risposte
Indizio Risposta % Corretto
B 15 aprile – Battaglia di Formigny: Le truppe francesi del Conte di Clermont sconfiggono un esercito inglese guidato da Sir Thomas Kyriel e Sir Matthew Gough, che stava cercando di portare soccorso a Caen.
100%
C 8 maggio – Ribellione di Jack Cade: Rivolta della popolazione del Kent contro Re Enrico VI d'Inghilterra.
100%
A marzo – Le truppe francesi di Guy de Richemont assediano il comandante inglese in Francia, Edmund Beaufort, Duca di Somerset, a Caen.
100%
G 12 agosto – Resa di Cherbourg, ultimo territorio inglese in Normandia, davanti ai francesi.
83%
E 18 giugno – Battaglia di Seven Oaks: I ribelli di Jack Cade vengono scacciati da Londra dalle truppe lealiste, facendo crollare la ribellione.
83%
F 6 luglio – Caen si arrende ai francesi.
83%
D 9 maggio – Viene assassinato 'Abd al-Latif Mirza (monarca Timuride).
83%
I Carlo VIII di Svezia che sedeva anche sul trono di Norvegia come Carlo I di Norvegia viene dichiarato deposto da quest'ultimo trono in favore di Cristiano I di Danimarca.
83%
H Fondazione dell'Università di Barcellona.
83%
L La Bibbia di Gutenberg, opera del tipografo tedesco Johannes Gutenberg e detta anche "delle 42 linee", è il primo libro stampato con l'utilizzo di caratteri mobili.
83%
Anno 1450
0%
Nessun quiz corrispondente trovato
Distribuzione punteggi
Percentuale di utenti per punteggio
Percentile per numero di risposta
I tuoi punteggi nel tempo
Non hai fatto questo quiz